How to Read and Write in College : (Record no. 1880)
[ view plain ]
| 000 -LEADER | |
|---|---|
| fixed length control field | 00773cam a2200241 a 4500 |
| 003 - CONTROL NUMBER IDENTIFIER | |
| control field | OSt |
| 005 - DATE AND TIME OF LATEST TRANSACTION | |
| control field | 20201005121019.0 |
| 008 - FIXED-LENGTH DATA ELEMENTS--GENERAL INFORMATION | |
| fixed length control field | 850815s1986 nyu 001 0 eng |
| 020 ## - INTERNATIONAL STANDARD BOOK NUMBER | |
| International Standard Book Number | 0060416610 (pbk.) |
| 020 ## - INTERNATIONAL STANDARD BOOK NUMBER | |
| International Standard Book Number | 0060416653 (cover : pbk.) |
| 040 ## - CATALOGING SOURCE | |
| Original cataloging agency | DLC |
| Transcribing agency | KABLIB |
| Modifying agency | KABLIB |
| 082 00 - DEWEY DECIMAL CLASSIFICATION NUMBER | |
| Classification number | 808.042 |
| Edition number | 23 |
| Item number | DOD |
| 100 1# - MAIN ENTRY--PERSONAL NAME | |
| Personal name | Dodge, Richard H., |
| Relator term | Author. |
| 9 (RLIN) | 5241 |
| 245 10 - TITLE STATEMENT | |
| Title | How to Read and Write in College : |
| Remainder of title | reading/writing/editing / |
| Statement of responsibility, etc. | Richard H. Dodge. |
| 250 ## - EDITION STATEMENT | |
| Edition statement | 2nd ser., form 2. |
| 260 ## - PUBLICATION, DISTRIBUTION, ETC. | |
| Place of publication, distribution, etc. | New York : |
| Name of publisher, distributor, etc. | Harper & Row, |
| Date of publication, distribution, etc. | c1986. |
| 300 ## - PHYSICAL DESCRIPTION | |
| Extent | x, 310 p. ; |
| Dimensions | 26 cm. |
| 500 ## - GENERAL NOTE | |
| General note | Errata slip inserted. |
| 500 ## - GENERAL NOTE | |
| General note | Includes index. |
| 650 #0 - SUBJECT ADDED ENTRY--TOPICAL TERM | |
| Topical term or geographic name entry element | English language |
| General subdivision | Grammar |
| Form subdivision | Problems, exercises, etc. |
| 9 (RLIN) | 5242 |
| 650 #0 - SUBJECT ADDED ENTRY--TOPICAL TERM | |
| Topical term or geographic name entry element | College readers. |
| 9 (RLIN) | 1513 |
| 942 ## - ADDED ENTRY ELEMENTS (KOHA) | |
| Source of classification or shelving scheme | Dewey Decimal Classification |
| Koha item type | Book |
No items available.